| 000 | 01381nam a2200337Ia 4500 | ||
|---|---|---|---|
| 001 | ebr10278617 | ||
| 003 | CaPaEBR | ||
| 006 | m u | ||
| 007 | cr cn||||||||| | ||
| 008 | 940214s1994 nyua sb 001 0 eng d | ||
| 010 | _z 94008234 | ||
| 020 | _z0195079493 (acid-free paper) | ||
| 020 | _z9780195079494 | ||
| 040 |
_aCaPaEBR _cCaPaEBR |
||
| 035 | _a(OCoLC)252550658 | ||
| 050 | 1 | 4 |
_aHD30.28 _b.G657 1994eb |
| 082 | 0 | 4 |
_a658.4/012 _220 |
| 100 | 1 |
_aGoodman, Richard A. _q(Richard Arthur), _d1949- |
|
| 245 | 1 | 0 |
_aTechnology and strategy _h[electronic resource] : _bconceptual models and diagnostics / _cRichard A. Goodman, Michael W. Lawless. |
| 260 |
_aNew York : _bOxford University Press, _cc1994. |
||
| 300 |
_ax, 291 p. : _bill. |
||
| 504 | _aIncludes bibliographical references (p. 277-283) and index. | ||
| 533 |
_aElectronic reproduction. _bPalo Alto, Calif. : _cebrary, _d2009. _nAvailable via World Wide Web. _nAccess may be limited to ebrary affiliated libraries. |
||
| 650 | 0 | _aBusiness planning. | |
| 650 | 0 |
_aTechnological innovations _xEconomic aspects. |
|
| 650 | 0 |
_aTechnological innovations _xManagement. |
|
| 655 | 7 |
_aElectronic books. _2local |
|
| 700 | 1 | _aLawless, Michael W. | |
| 710 | 2 | _aebrary, Inc. | |
| 856 | 4 | 0 |
_uhttp://site.ebrary.com/lib/rucke/Doc?id=10278617 _zAn electronic book accessible through the World Wide Web; click to view |
| 999 |
_c5051 _d5051 |
||